MARC details
| 000 -CABECERA |
| campo de control de longitud fija |
01122nam a2200313 a 4500 |
| 001 - NÚMERO DE CONTROL |
| campo de control |
000024189 |
| 003 - IDENTIFICADOR DEL NÚMERO DE CONTROL |
| campo de control |
DO-SdBNP |
| 005 - FECHA Y HORA DE LA ÚLTIMA TRANSACCIÓN |
| campo de control |
20250925082512.0 |
| 008 - DATOS DE LONGITUD FIJA--INFORMACIÓN GENERAL |
| campo de control de longitud fija |
110120s1989 ag r 000 | spa d |
| 020 ## - NÚMERO INTERNACIONAL ESTÁNDAR DEL LIBRO |
| Número Internacional Estándar del Libro |
9509122149 |
| 040 ## - FUENTE DE LA CATALOGACIÓN |
| Centro catalogador/agencia de origen |
DO-SdBNP |
| Lengua de catalogación |
spa |
| Centro/agencia transcriptor |
BNPHU |
| 041 17 - CÓDIGO DE LENGUA |
| Código de lengua del texto/banda sonora o título independiente |
eng |
| Código de lengua del material acompañante/anejo si no son libretos |
spa |
| Fuente del código |
Código de idioma MARC |
| 049 ## - FONDOS LOCALES (OCLC) |
| Fondos de biblioteca |
BNGR |
| 082 ## - NÚMERO DE LA CLASIFICACIÓN DECIMAL DEWEY |
| Número de clasificación |
338.542 |
| Número de documento/Ítem |
K51m |
| 100 1# - ENTRADA PRINCIPAL--NOMBRE DE PERSONA |
| Nombre de persona |
Kindleberger, Charles P. |
| 9 (RLIN) |
49678 |
| 240 10 - TÍTULO UNIFORME |
| Título uniforme |
Manias, panics, and crashes. |
| Lenguaje de la obra |
Español |
| 245 10 - MENCIÓN DE TÍTULO |
| Título |
Manías, pánicos y cracs : |
| Resto del título |
historia de las crisis financieras / |
| Mención de responsabilidad, etc. |
Charles P. Kindleberger; traducción de Blanca Ribera de Madariaga. |
| 260 ## - PUBLICACIÓN, DISTRIBUCIÓN, ETC. |
| Lugar de publicación, distribución, etc. |
Barcelona, (España) : |
| Nombre del editor, distribuidor, etc. |
Editorial Ariel, |
| Fecha de publicación, distribución, etc. |
1989. |
| 300 ## - DESCRIPCIÓN FÍSICA |
| Extensión |
288 p. ; |
| Dimensiones |
23 cm. |
| 490 1# - MENCIÓN DE SERIE |
| Mención de serie |
Ariel Sociedad Económica |
| 500 ## - NOTA GENERAL |
| Nota general |
Incluye notas al pie de páginas |
| 534 ## - NOTA SOBRE LA VERSIÓN ORIGINAL |
| Encabezamiento principal del original |
Título original : |
| Mención de título del original |
Manias, panics, and crashes. |
| 650 #7 - PUNTO DE ACCESO ADICIONAL DE MATERIA--TÉRMINO DE MATERIA |
| Término de materia o nombre geográfico como elemento de entrada |
Crisis económica |
| 9 (RLIN) |
9159 |
| Fuente del encabezamiento o término |
LEMB |
| 650 #0 - PUNTO DE ACCESO ADICIONAL DE MATERIA--TÉRMINO DE MATERIA |
| Término de materia o nombre geográfico como elemento de entrada |
Ciclos económicos |
| 9 (RLIN) |
49680 |
| 650 #4 - PUNTO DE ACCESO ADICIONAL DE MATERIA--TÉRMINO DE MATERIA |
| Término de materia o nombre geográfico como elemento de entrada |
Pronóstico de la economía |
| 9 (RLIN) |
49681 |
| 700 1# - PUNTO DE ACCESO ADICIONAL--NOMBRE DE PERSONA |
| Nombre de persona |
Ribera de Madariaga, Blanca |
| Término indicativo de función/relación |
tr. |
| 9 (RLIN) |
49682 |
| 830 #0 - PUNTO DE ACCESO ADICIONAL DE SERIE-TÍTULO UNIFORME |
| Título uniforme |
Ariel Sociedad Económica |
| 9 (RLIN) |
49683 |
| 942 ## - ELEMENTOS DE PUNTO DE ACCESO ADICIONAL (KOHA) |
| Fuente del sistema de clasificación o colocación |
Dewey Decimal Classification |
| Tipo de ítem Koha |
Libro |